Statistics for 1940s Decade Quiz

Click here to take the quiz!

General Stats

  • This quiz has been taken 23,726 times
  • The average score is 13 of 20

Answer Stats

QuestionAnswer% Correct
What name was given to Japanese suicide pilots?Kamikaze
91%
Who was assassinated in New Delhi in 1948?Mahatma Gandhi
91%
In what city did Anne Frank hide?Amsterdam
87%
What was the name of the American and British effort to develop an atomic bomb?{Manhattan} Project
80%
In what French region would you find Omaha, Juno, and Gold beaches?Normandy
80%
At what university did J.R.R. Tolkien teach?Oxford
76%
What brutal leader was called "Uncle Joe" in an attempt to soften his image?Joseph Stalin
76%
Who said "I have nothing to offer but blood, toil, tears, and sweat"?Winston Churchill
73%
What film genre was exemplified by "Double Indemnity" and "The Maltese Falcon"?Film {Noir}
72%
What does the E stand for in V-E day?Europe
70%
What new country was led by David Ben-Gurion?Israel
69%
What French fashion designer and perfumer was suspected of being a Nazi spy?Coco Chanel
68%
In what movie did Sam play the song "As Time Goes By"?Casablanca
64%
To what island did Chiang Kai-shek flee?Taiwan
62%
What American program gave massive amounts of aid to help rebuild Europe?{Marshall} Plan
56%
Who directed "Citizen Kane"?Orson Welles
52%
What would you find on Carmen Miranda's hat?Fruit
45%
Who wrote the play "Death of a Salesman"?Arthur Miller
41%
What musical featured the songs "Some Enchanted Evening" and "Bali Ha'i"?South Pacific
37%
What bebopping saxophonist was known as "Bird"?Charlie Parker
26%

Score Distribution

Percentile by Number Answered

Percent of People with Each Score

Your Score History

You have not taken this quiz